| 000 | 00593nam a2200193 4500 | ||
|---|---|---|---|
| 001 | 113358 | ||
| 003 | ES-MaACL | ||
| 005 | 20230906185847.0 | ||
| 007 | t| | ||
| 008 | 061121s1979 sp r ||||1| spa d | ||
| 100 | 1 |
_aPalacios, Juan Miguel. _988407 |
|
| 245 | 1 | 3 |
_aEl idealismo trascendental _b: teoría de la verdad / _cJuan Miguel Palacios. |
| 260 |
_aMadrid : _bGredos, _c1979. |
||
| 300 |
_a168 p. ; _c19 cm. |
||
| 490 | 1 | _aBiblioteca hispánica de filosofía | |
| 830 | 0 |
_aBiblioteca hispánica de filosofía _9181000 |
|
| 852 |
_aES-MaACL _jL-2526 _bR.103169 |
||
| 999 |
_c113358 _d113358 |
||